Casa Provincial de Maternidad : Barcelona 1853 - 1953 Barcelona 1853 - 1953
Descripción Física:
[12] p. : il. ; 18 cm
MARC
| LEADER | 00000nam a2200000Ia 4500 | ||
|---|---|---|---|
| 001 | 20013 | ||
| 008 | 160829s1953 xx 000 0 cat d | ||
| 080 | |a FU-11-32 | ||
| 110 | 2 | |a Casa de Maternitat i Expòsits de Barcelona |9 52670 | |
| 245 | |a Casa Provincial de Maternidad : |b Barcelona 1853 - 1953 | ||
| 260 | |a Barcelona : |b Casa Provincial de Caridad, Imprenta - Escuela, |c 1953 | ||
| 300 | |a [12] p. : |b il. ; |c 18 cm | ||
| 590 | |a A l'interior: Actos organizados con motivo de la celebración del primer centenario de su fundación oficial. | ||
| 590 | |a Prové de J-1632, exp. 6. | ||
| 590 | |a Hi ha 4 exemplars a la mateixa capsa | ||
| 610 | 2 | 0 | |9 54817 |a Casa de Maternitat i Expòsits de Barcelona |x Centenaris, etc. |
| 856 | 4 | |u https://media.diba.cat/diba/fitxers/arxiu/fulletons/bib_20013_baixa.pdf |y Accés lliure | |
| 856 | 4 | |u https://media.diba.cat/diba/fitxers/arxiu/fulletons/bib_20013_baixa.pdf |y Accés lliure | |
| 900 | |a bib_20013_baixa.pdf | ||
| 901 | |a Arxiu | ||
| 942 | |n 1 |2 udc | ||
| 952 | |0 0 |1 0 |4 0 |6 FU1132 |7 1 |9 54681 |a Arxiu |b Arxiu |d 2016-12-01 |l 0 |o FU-11-32 |p 20013 |r 2016-12-01 00:00:00 |w 2016-12-01 |y ARXIU | ||
| 999 | |c 58550 |d 58550 | ||